000 00650nam a22002177a 4500
003 UA-OsUOA
001 111725
007 ta
008 20150602b un ||||| |||| 00| 0 ukr d
100 _aБаранов А.Л.
090 _a330(477)
_bБ24
942 _cSA
040 _aUA-OsUOA
_bukr
_cUA-OsUOA
_dUA-OsUOA
245 _aСутність і напрями інвестиційної діяльності страхових компаній
300 _aС.83-98
955 _a0
041 _aukr
080 _a330(477)
773 0 _w111721
_tФінанси України
_dК.
_d2015
_g2
650 7 _a330 Економіка взагалі
_2UDC
999 _c397948
_d397948